[Event "Nizhnij Novgorod Region-ch"]
[Site "Nizhnij Novgorod"]
[Date "2013.??.??"]
[Round "6"]
[White "Yatzenko, Anton"]
[Black "Simagin, Maxim"]
[Result "1-0"]
[WhiteElo "2384"]
[BlackElo "2136"]
[PlyCount "63"]
[EventDate "2013.10.19"]
[EventType "swiss"]
[EventRounds "9"]
[EventCountry "RUS"]
[SourceTitle "EXT 2014"]
[Source "ChessBase"]
[SourceDate "2013.11.20"]
[SourceVersion "1"]
[SourceVersionDate "2013.11.20"]
[SourceQuality "1"]

1. d4 e6 2. e4 d5 3. Nc3 Nf6 4. exd5 exd5 5. Bg5 Be7 6. Qd2 Nc6 7. 0-0-0 Be6 8. f4 h6 9. Bxf6 Bxf6 10. Nf3 Qd7 11. Bb5 a6 12. Ne5 Bxe5 13. Bxc6 Qxc6 14. fxe5 0-0-0 15. Rhf1 b6 16. Rde1 Kb7 17. Re3 Qd7 18. Rg3 Rhg8 19. Qd3 c5 20. Ne2 g6 21. Rf6 Rc8 22. dxc5 bxc5 23. c4 Rgd8 24. Nf4 Rc6 25. cxd5 Bxd5 26. Qxd5 Qxd5 27. Nxd5 Rxd5 28. Rxf7+ Kc8 29. Rf6 Rxf6 30. exf6 g5 31. f7 Rd8 32. Re3 1-0

[Event "Nizhnij Novgorod Hope Cup"]
[Site "Nizhnij Novgorod"]
[Date "2010.08.11"]
[Round "2"]
[White "Simagin, Maxim"]
[Black "Yemelin, Arseny"]
[Result "1-0"]
[WhiteElo "2038"]
[BlackElo "2187"]
[PlyCount "73"]
[EventDate "2010.08.10"]
[EventType "swiss"]
[EventRounds "7"]
[EventCountry "RUS"]
[SourceTitle "CBM 138 Extra"]
[Source "ChessBase"]
[SourceDate "2010.10.29"]
[SourceVersion "1"]
[SourceVersionDate "2010.10.29"]
[SourceQuality "1"]

1. d4 Nf6 2. Nf3 c5 3. d5 e6 4. c4 exd5 5. cxd5 d6 6. Nc3 g6 7. e4 Bg7 8. Bb5+ Nfd7 9. a4 a6 10. Be2 0-0 11. 0-0 Ne5 12. Nd2 f5 13. f4 Ng4 14. Bxg4 fxg4 15. Nc4 h5 16. a5 Qe7 17. Qd3 Nd7 18. Bd2 Rb8 19. Rae1 b5 20. axb6 Nxb6 21. Na5 c4 22. Qe2 Bd7 23. Nc6 Bxc6 24. dxc6 Rfc8 25. Nd5 Qf7 26. Bc3 Rxc6 27. f5 Nxd5 28. exd5 Rc7 29. f6 Bf8 30. Qc2 Kh7 31. Re6 Rb5 32. Qe4 Rc8 33. Re1 a5 34. Qd4 Kh6 35. Qf4+ g5 36. Qf5 Rcc5 37. Bd2 1-0

[Event "Kostroma Volga Cup op"]
[Site "Kostroma"]
[Date "2010.07.??"]
[Round "5"]
[White "Simagin, Maxim"]
[Black "Trifonov, Pavel"]
[Result "1/2-1/2"]
[WhiteElo "2040"]
[BlackElo "2226"]
[PlyCount "32"]
[EventDate "2010.07.??"]
[EventType "swiss"]
[EventRounds "9"]
[EventCountry "RUS"]
[SourceTitle "EXT 2011"]
[Source "ChessBase"]
[SourceDate "2010.11.26"]
[SourceVersion "1"]
[SourceVersionDate "2010.11.26"]
[SourceQuality "1"]

1. c4 Nf6 2. g3 c6 3. Bg2 d5 4. Nf3 e6 5. d4 Nbd7 6. 0-0 Bd6 7. b3 Qe7 8. Bb2 0-0 9. Nbd2 Re8 10. Re1 e5 11. e4 dxe4 12. dxe5 Nxe5 13. Nxe4 Nxf3+ 14. Bxf3 Nxe4 15. Rxe4 Be6 16. Bg4 Bxg4 1/2-1/2

[Event "Nizhnij Novgorod-ch"]
[Site "Nizhnij Novgorod"]
[Date "2010.03.??"]
[Round "?"]
[White "Milashevskaja, Valentina"]
[Black "Simagin, Maxim"]
[Result "0-1"]
[WhiteElo "1837"]
[BlackElo "2038"]
[PlyCount "60"]
[EventDate "2010.03.13"]
[EventType "swiss"]
[EventRounds "9"]
[EventCountry "RUS"]
[SourceTitle "EXT 2022"]
[Source "ChessBase"]
[SourceDate "2021.10.06"]
[SourceVersion "1"]
[SourceVersionDate "2021.10.06"]
[SourceQuality "1"]

1. Nf3 e6 2. g3 b6 3. Bg2 Bb7 4. d4 f5 5. c4 Bb4+ 6. Nc3 Nf6 7. Bg5 h6 8. Bxf6 Qxf6 9. 0-0 0-0 10. Qb3 Bxc3 11. bxc3 d6 12. c5 dxc5 13. dxc5 Nd7 14. cxb6 Nc5 15. Qb4 axb6 16. a4 Ra5 17. Nd4 Bxg2 18. Kxg2 Rfa8 19. Nb5 Rxa4 20. Rxa4 Rxa4 21. Qb2 Qe5 22. Nd4 Qd5+ 23. Kg1 Ne4 24. f3 Nd6 25. Ra1 Rxa1+ 26. Qxa1 e5 27. Nc2 Qd2 28. Qa2+ Kh7 29. Nb4 Qxc3 30. Nd5 Qc5+ 0-1

[Event "Nizhnij Novgorod-ch"]
[Site "Nizhnij Novgorod"]
[Date "2010.03.??"]
[Round "?"]
[White "Tumanov, Ilya"]
[Black "Simagin, Maxim"]
[Result "1-0"]
[WhiteElo "1942"]
[BlackElo "2038"]
[PlyCount "95"]
[EventDate "2010.03.13"]
[EventType "swiss"]
[EventRounds "9"]
[EventCountry "RUS"]
[SourceTitle "EXT 2022"]
[Source "ChessBase"]
[SourceDate "2021.10.06"]
[SourceVersion "1"]
[SourceVersionDate "2021.10.06"]
[SourceQuality "1"]

1. d4 e6 2. e4 d5 3. e5 c5 4. Nf3 Nc6 5. Bd3 cxd4 6. 0-0 Qc7 7. Bf4 a6 8. a3 Bd7 9. Nbd2 Nge7 10. Re1 Rc8 11. b4 Na7 12. Nb3 Bb5 13. Nbxd4 Bc4 14. Bd2 Nac6 15. Nb3 b6 16. Qe2 Ng6 17. h4 Be7 18. h5 Nf8 19. Bxc4 dxc4 20. Qxc4 Nxe5 21. Qxa6 Nxf3+ 22. gxf3 Nd7 23. Bf4 e5 24. Bxe5 Nxe5 25. Rxe5 0-0 26. Rae1 Bf6 27. R5e3 h6 28. Qb5 Bg5 29. R3e2 Qf4 30. Kg2 Rc3 31. Qd5 Qb8 32. a4 Bf6 33. a5 bxa5 34. bxa5 Rd8 35. Qe4 Qc7 36. Qf5 Rf8 37. Re8 Rxc2 38. Rxf8+ Kxf8 39. Qh7 g6 40. hxg6 Rxf2+ 41. Kxf2 Qh2+ 42. Ke3 Qe5+ 43. Kd3 Qd5+ 44. Ke2 Qc4+ 45. Kf2 Qc2+ 46. Kg1 Bg7 47. Re8+ Kxe8 48. gxf7+ 1-0

[Event "Kostroma Volga Cup op"]
[Site "Kostroma"]
[Date "2009.07.??"]
[Round "4"]
[White "Mamedov, Elmin"]
[Black "Simagin, Maxim"]
[Result "1/2-1/2"]
[WhiteElo "1826"]
[BlackElo "2051"]
[PlyCount "87"]
[EventDate "2009.07.03"]
[EventType "swiss"]
[EventRounds "9"]
[EventCountry "RUS"]
[SourceTitle "EXT 2021"]
[Source "ChessBase"]
[SourceDate "2020.10.23"]
[SourceVersion "1"]
[SourceVersionDate "2020.10.23"]
[SourceQuality "1"]

1. e4 e6 2. Qe2 c5 3. d3 Nc6 4. Nf3 Be7 5. g3 Nf6 6. Bg2 b6 7. 0-0 Bb7 8. c3 d5 9. e5 Nd7 10. d4 Qc7 11. Be3 h6 12. Nbd2 a5 13. Rfc1 Ba6 14. Qd1 b5 15. Nb3 c4 16. Nbd2 Nb6 17. Ne1 b4 18. f4 g6 19. g4 0-0-0 20. a3 Bb7 21. Ndf3 h5 22. g5 Kd7 23. Nc2 Na4 24. axb4 Nxb2 25. Qd2 axb4 26. Nxb4 Nxb4 27. cxb4 Nd3 28. Rcb1 Ra8 29. Rxa8 Rxa8 30. Bf1 Ra3 31. b5 c3 32. Qxd3 c2 33. Rb3 Rxb3 34. Qxb3 c1Q 35. Bxc1 Qxc1 36. b6 Kd8 37. Kf2 h4 38. Bb5 Kc8 39. Bd3 Qc6 40. Bb5 Qc1 41. Bd3 Qc6 42. Bb5 Qc1 43. Bd3 Qc6 44. Bb5 1/2-1/2

[Event "Nizhnij Novgorod Dubinin Memorial 16th"]
[Site "Nizhnij Novgorod"]
[Date "2009.01.10"]
[Round "8"]
[White "Mulenko, Alexander"]
[Black "Simagin, Maxim"]
[Result "1/2-1/2"]
[WhiteElo "2141"]
[BlackElo "2019"]
[PlyCount "30"]
[EventDate "2009.01.03"]
[EventType "swiss"]
[EventRounds "9"]
[EventCountry "RUS"]
[SourceTitle "EXT 2010"]
[Source "ChessBase"]
[SourceDate "2010.11.25"]
[SourceVersion "1"]
[SourceVersionDate "2010.11.25"]
[SourceQuality "1"]

1. d4 e6 2. g3 f5 3. Bg2 Nf6 4. Nf3 d5 5. b3 c6 6. 0-0 Bd6 7. Ba3 0-0 8. Bxd6 Qxd6 9. Qc1 Bd7 10. Qa3 Ne4 11. Qxd6 Nxd6 12. Ne5 Be8 13. Nd2 Nd7 14. f4 h6 15. e3 a5 1/2-1/2

[Event "Kostroma Volga Cup op"]
[Site "Kostroma"]
[Date "2008.07.??"]
[Round "7"]
[White "Tsarukian, Elis"]
[Black "Simagin, Maxim"]
[Result "1-0"]
[WhiteElo "2246"]
[BlackElo "1997"]
[PlyCount "139"]
[EventDate "2008.07.??"]
[EventType "swiss"]
[EventRounds "9"]
[EventCountry "RUS"]
[SourceTitle "EXT 2009"]
[Source "ChessBase"]
[SourceDate "2008.11.26"]
[SourceVersion "1"]
[SourceVersionDate "2008.11.26"]
[SourceQuality "1"]

1. e4 e6 2. d4 d5 3. Nd2 Nf6 4. e5 Nfd7 5. c3 c5 6. f4 Nc6 7. Ndf3 a6 8. Ne2 b5 9. Be3 Bb7 10. g3 Qb6 11. Bh3 g6 12. 0-0 Be7 13. Qd2 a5 14. dxc5 Bxc5 15. Bxc5 Nxc5 16. Ned4 Ne4 17. Qe3 Ba6 18. Ng5 Nxd4 19. cxd4 Rc8 20. Nxe4 dxe4 21. Qxe4 Bb7 22. Qd3 Qc6 23. d5 Qc5+ 24. Rf2 Bxd5 25. Bf1 Bc4 26. Qc3 Bxf1 27. Qxc5 Rxc5 28. Kxf1 Ke7 29. Rd1 Rd8 30. Rfd2 Rxd2 31. Rxd2 f6 32. exf6+ Kxf6 33. Kf2 g5 34. Kf3 gxf4 35. gxf4 e5 36. Rd6+ Kf5 37. fxe5 Kxe5 38. Rd2 b4 39. h4 Rc4 40. Kg3 a4 41. Rd7 Rc2 42. Ra7 a3 43. bxa3 Rxa2 44. Ra5+ Ke4 45. axb4 Rb2 46. Rb5 h5 47. Rxh5 Rxb4 48. Ra5 Rb8 49. Kg4 Rg8+ 50. Rg5 Rf8 51. Rg6 Rf1 52. Re6+ Kd5 53. Re2 Rg1+ 54. Kf5 Rh1 55. Kg5 Rg1+ 56. Kh6 Kd6 57. h5 Rg3 58. Kh7 Rg5 59. h6 Rh5 60. Kg6 Rh1 61. h7 Rg1+ 62. Kf6 Rf1+ 63. Kg7 Rg1+ 64. Kf8 Rf1+ 65. Ke8 Rh1 66. Re7 Rh2 67. Kf8 Rf2+ 68. Rf7 Rh2 69. Kg8 Ke6 70. Rg7 1-0

[Event "Nizhnij Novgorod-ch 60th"]
[Site "Nizhnij Novgorod"]
[Date "2008.03.??"]
[Round "?"]
[White "Simagin, Maxim"]
[Black "Yatzenko, Anton"]
[Result "0-1"]
[WhiteElo "1960"]
[BlackElo "2271"]
[PlyCount "72"]
[EventDate "2008.03.??"]
[EventType "swiss"]
[EventRounds "9"]
[EventCountry "RUS"]
[SourceTitle "EXT 2010"]
[Source "ChessBase"]
[SourceDate "2010.11.25"]
[SourceVersion "1"]
[SourceVersionDate "2010.11.25"]
[SourceQuality "1"]

1. e4 e5 2. Nf3 Nc6 3. Bb5 a6 4. Bxc6 dxc6 5. d4 exd4 6. Qxd4 Qxd4 7. Nxd4 Bd7 8. 0-0 0-0-0 9. Be3 Nf6 10. f3 h6 11. Nc3 Bd6 12. Rad1 Rhe8 13. Nb3 Kb8 14. Rfe1 b6 15. Bxb6 Bxh2+ 16. Kxh2 cxb6 17. a4 a5 18. Nd2 Be6 19. Nf1 Kc7 20. Ne3 Nd7 21. Ne2 Nc5 22. b3 Bc8 23. Rxd8 Rxd8 24. Rd1 Rxd1 25. Nxd1 b5 26. axb5 cxb5 27. Ndc3 Bd7 28. Nd4 Kb6 29. Nd5+ Kb7 30. b4 Ne6 31. Nf5 a4 32. c4 Nc7 33. Nc3 Bxf5 34. exf5 a3 35. Kg3 bxc4 36. Kf4 Nd5+ 0-1

[Event "Nizhnij Novgorod Dubinin Memorial 15th"]
[Site "Nizhnij Novgorod"]
[Date "2008.01.??"]
[Round "?"]
[White "Simagin, Maxim"]
[Black "Shulakova, Svetlana"]
[Result "1/2-1/2"]
[WhiteElo "1960"]
[BlackElo "2190"]
[PlyCount "73"]
[EventDate "2008.01.??"]
[EventType "swiss"]
[EventRounds "9"]
[EventCountry "RUS"]
[SourceTitle "CBM 122 Extra"]
[Source "ChessBase"]
[SourceDate "2008.03.04"]
[SourceVersion "1"]
[SourceVersionDate "2008.03.04"]
[SourceQuality "1"]

1. d4 d5 2. e3 Nf6 3. Bd3 e6 4. Nd2 c5 5. c3 Nc6 6. f4 c4 7. Bc2 b5 8. a3 a5 9. Ngf3 Bb7 10. Ne5 Be7 11. Qf3 h5 12. 0-0 g6 13. a4 b4 14. Nxc6 Bxc6 15. Nxc4 bxc3 16. bxc3 Rc8 17. Ne5 Ba8 18. Bd3 Rxc3 19. Bb5+ Kf8 20. Bd2 Rc8 21. Rac1 Rxc1 22. Rxc1 Ne4 23. Be1 Kg7 24. Qd1 Bb7 25. Qc2 Bd6 26. Bd3 Qa8 27. Nd7 Rc8 28. Qb2 Rxc1 29. Qxc1 Bc6 30. Bxe4 Bxd7 31. Bc2 Qc8 32. Qb2 Qc4 33. Bxa5 Bxa4 34. Bxa4 Qxa4 35. Be1 Qd1 36. Qd2 Qxd2 37. Bxd2 1/2-1/2